| 000 | 00599nam a22002057a 4500 | ||
|---|---|---|---|
| 003 | 0 | ||
| 005 | 20250107092334.0 | ||
| 008 | 250107b xxu||||| |||| 00| 0 eng d | ||
| 020 | _a9781984689047 | ||
| 050 |
_aG 155.7 _b.Sa24 2024 |
||
| 100 |
_aSaez, Isabel _eauthor. |
||
| 245 |
_aGlobal culture and tourism geography / _cIsabel Saez. |
||
| 250 | _a2nd ed. | ||
| 260 |
_aNew York, NY : _b3G -Learning LLC, _c2024. |
||
| 300 |
_aix, 318 p. : _bcol. ill. ; _c26 cm. |
||
| 504 | _aIncludes bibliographical references and index. | ||
| 650 | _aCivilization. | ||
| 650 | _aCulture. | ||
| 942 |
_2lcc _cBK |
||
| 999 |
_c366886 _d366886 |
||